| 000 | 00736 a2200205 4500 | ||
|---|---|---|---|
| 010 | _aENG-89642 | ||
| 020 |
_a8175263563 _c350.00 |
||
| 035 | _aEN-73175 | ||
| 037 | _bDBAD / PUB | ||
| 082 | 1 | 4 | _a230.64 |
| 090 |
_c11420 _d11420 |
||
| 100 | 1 | _aSadhu, Mukundcharandas | |
| 245 | 1 |
_aHindu rites & rituals: _cby Sadhu Mukundcharandas _b(sentiments, sacraments & symbols)/ |
|
| 260 |
_bSwaminarayan Aksharpith _c2007 _aAmdavad |
||
| 270 |
_aShahibaug, _bAmdavad _e4 |
||
| 300 |
_axxxix, 512p.: _c24 cm ( Pbk.) _bcol. photos |
||
| 500 | _aIncludes bibliographical references & index. | ||
| 942 |
_adpl _cEN _k230.64 / SAD |
||
| 999 |
_c11105 _d11105 |
||